Koncepcia výuky prístrojovej elektroniky na Prírodovedeckej fakulte UK v Bratislave : Habil.práca : Obh. 27.10.1992 /

Salvato in:
Dettagli Bibliografici
Autore principale: Švec, Anton (Autore)
Natura: Manoscritto Libro
Pubblicazione: Bratislava : SVŠT v Bratislave EF, 1991
Tags: Aggiungi Tag
Nessun Tag, puoi essere il primo ad aggiungerne!!

MARC

LEADER 00000ntm a22000003a 4500
001 stu7307
005 20150617225809.5
008 ------s1991----------------------------d
040 |a STU  |b slo 
041 0
100 1 |a Švec, Anton  |4 aut 
245 1 |a Koncepcia výuky prístrojovej elektroniky na Prírodovedeckej fakulte UK v Bratislave :  |b Habil.práca : Obh. 27.10.1992 /  |c [aut.] řvec,Anton, Ing. CSc 
260 |a Bratislava :  |b SVŠT v Bratislave EF,  |c 1991 
300 |a 103 s 
996 |b 284ED01010  |c E*HABIL-109  |l EE01  |s A  |a 24  |w stu7307_0001